Acides gras saturés - Statistiques

Statistiques générales
  • Ce quiz a été pris 46 fois
  • Le résultat moyen est 4 sur 38
Statistiques - réponses
Nombre de carbone Nom d'usage % Correct
16 acide palmitique
79%
18 acide stéarique
55%
14 acide myristique
45%
20 acide arachidique
39%
4 acide butyrique
36%
12 acide laurique
36%
24 acide lignocérique
18%
2 acide acétique
15%
1 acide formique
15%
10 acide caprique
12%
8 acide caprylique
12%
22 acide béhénique
9%
6 acide caproïque
9%
17 acide margarique
6%
3 acide propionique
6%
26 acide cérotique
3%
7 acide énanthique
3%
21 acide hénéicosylique
3%
25 acide hyénique
3%
19 acide nonadécylique
3%
9 acide pélargonique
3%
15 acide pentadécylique
3%
33 acide psyllique
3%
23 acide tricosylique
3%
13 acide tridécylique
3%
11 acide undécylique
3%
5 acide valérique
3%
27 acide carbocérique
0%
35 acide céroplastique
0%
34 acide geddique
0%
31 acide hentriacontylique
0%
37 acide heptatriacontylique
0%
36 acide hexatriacontylique
0%
32 acide lacéroïque
0%
30 acide mélissique
0%
28 acide montanique
0%
29 acide nonacosylique
0%
38 acide octatriacontylique
0%
Aucun quiz correspondant
Distribution des résultats
% des personnes avec chaque résultat
Percentile par nombre de réponses
Votre historique - résultats
Vous n’avez pas pris ce quiz